Improvement technology on building seismic toughness (Record no. 75885)

MARC details
000 -LEADER
fixed length control field 00476nam a22001457a 4500
020 ## - INTERNATIONAL STANDARD BOOK NUMBER
ISBN ISBN 978-3-7258-0560-0 (PDF)
082 ## - DEWEY DECIMAL CLASSIFICATION NUMBER
Classification number E book
100 ## - MAIN ENTRY--AUTHOR NAME
Personal name WANG, Bo
-- FU, Bo
-- WEI, Xinxin
245 ## - TITLE STATEMENT
Title Improvement technology on building seismic toughness
260 ## - PUBLICATION, DISTRIBUTION, ETC. (IMPRINT)
Place of publication Basel
Name of publisher MDPI Books
Year of publication 2024
300 ## - PHYSICAL DESCRIPTION
Number of Pages 274p.
856 ## - ELECTRONIC LOCATION AND ACCESS
Uniform Resource Identifier https://mdpi-res.com/bookfiles/book/8947/Improvement_Technology_on_Building_Seismic_Toughness.pdf?v=1773626944
942 ## - ADDED ENTRY ELEMENTS (KOHA)
Koha item type e-Book
Holdings
Withdrawn status Lost status Damaged status Not for loan Home library Current library Date acquired Koha item type
        RRII Library RRII Library 16/03/2026 e-Book